Διαφωτισμός : νεκρικοί διάλογοι ανάμεσα στον Βολταίρο, τον Λουκιανό και τον Έρασμο πάνω στο διαφωτισμό για την ιστορία και την ελπίδα, την φαντασία και τον λόγο, τη βία και την ελευθερία και για τη σημασία του διαφωτισμού στο σημερινό κόσμο
Αποθηκεύτηκε σε:
| Κύριος συγγραφέας: | |
|---|---|
| Άλλοι συγγραφείς: | |
| Μορφή: | Βιβλίο |
| Γλώσσα: | Greek English |
| Δημοσίευση: |
Αθήνα :
Θύραθεν,
c2001.
|
| Θέματα: | |
| Ετικέτες: |
Προσθήκη ετικέτας
Δεν υπάρχουν, Καταχωρήστε ετικέτα πρώτοι!
|
MARC
| LEADER | 00000cam a2200000 i 4500 | ||
|---|---|---|---|
| 001 | 1/50316 | ||
| 008 | 070802s2001 gr | ||| |||| ||gre|| | ||
| 020 | |a 960809707X | ||
| 035 | |l 10089425 | ||
| 040 | |a GR-MyUA |b gre |e AACR2 | ||
| 041 | 1 | |a gre |h eng | |
| 082 | 7 | |a 190 |2 (22) | |
| 100 | 1 | |a Gay, Peter, |d 1923-2015. | |
| 245 | 1 | 0 | |a Διαφωτισμός : |b νεκρικοί διάλογοι ανάμεσα στον Βολταίρο, τον Λουκιανό και τον Έρασμο πάνω στο διαφωτισμό για την ιστορία και την ελπίδα, την φαντασία και τον λόγο, τη βία και την ελευθερία και για τη σημασία του διαφωτισμού στο σημερινό κόσμο / |c Peter Gay ; μετάφραση: Μάκης Κολλητίδης. |
| 246 | 3 | 3 | |a Διαφωτισμός |
| 260 | |a Αθήνα : |b Θύραθεν, |c c2001. | ||
| 300 | |a 159 σ. ; |c 24 εκ. | ||
| 500 | |a Τίτλος πρωτοτύπου: The bridge of criticism | ||
| 504 | |a Περιλαμβάνει βιβλιογραφικές παραπομπές. | ||
| 600 | 0 | 0 | |a Λουκιανός ο Σαμοσατεύς, |d π. 120-π. 190. |
| 600 | 1 | 0 | |a Erasmus, Desiderius, |d 1466-1536 |x Philosophy. |
| 600 | 1 | 0 | |a Voltaire, |d 1694-1778 |x Philosophy. |
| 650 | 0 | 0 | |a Enlightenment. |
| 700 | 1 | |a Κολλητίδης, Μάκης, |e trl | |
| 852 | |a INST |b LESVOS |e 20070802 |h 190 GAY |p 005100041309 |q 005100041309 |t BK |y 0 | ||
| 852 | |a INST |b SAMOS |e 20070912 |h 190 GAY |p 005300028245 |q 005300028245 |t BK |y 0 | ||
| 901 | |a BIBL3-2007-3 | ||
| 901 | |a BIBL1-2007-2 | ||
| 909 | |a Σ |b 138692 | ||
| 909 | |a Λ |b 136597 | ||
| 922 | |a 3ΕΛΗ |b 200708 |c ΤΜΗΜΑ ΜΑΘΗΜΑΤΙΚΩΝ |d Σ. ΠΑΤΑΚΗΣ | ||
| 922 | |a 1ΕΛΗ |b 200707 |c ΕΠΕΑΕΚ2/ΠΤΕ |d Σ. ΠΑΤΑΚΗΣ | ||
| 970 | |a ΚΑΡΑ |b ΓΙΑΣΕΜΗ |z 2007/08/02 | ||